000 01771nam a2200301 4500
003 EC-UNACH
005 20251201115628.0
006 s||||gr|||| 00| 00
008 150116t9999 mx r gr 000 0 spa d
020 _a978-9942-20-530-8
040 _aEC-UNACH
_cEC-UNACH
041 _aspa
082 0 4 _223
_a333.7
_bL018402
110 _aCorporación Ecológica internacional
245 _aProducción Forestal del alto rendimiento con especies naturalizadas
250 _aPrimera edición
264 _aEcuador
_bCorporación Ecológica internacional
_c2014
300 _a267
505 _a1. Sección preliminar--Origen de las tres grandes zonas latitudinales--Geometría alti-latitudinal multivariable referencial--Identidad ecológica neotropical--Introducción de especies--Impactos ecológicos de las especies invasoras--Naturalización de especies--Teoría fenológica--Factores eco fisiológicos--Evolución radicular--Evolución del tronco, el árbol, el bosque --2. Teca--Generalidades--Dendrología--Autoecología de la especie--Silvicultura--Aprovechamiento--Protección--Utilización --3. Melina--Generalidades--Dendrología--Autoecología de la especie--Silvicultura--Aprovechamiento--Protección--Utilización --4. Neem maderable--Generalidades--Dendrología--Autoecología de la especie--Silvicultura--Protección--Utilización --5. Eucalipto urograndis--Generalidades--Dendrología--Autoecología de la especie--Silvicultura--Aprovechamiento--Protección--Utilización --Anexos
650 _a Neotropical
650 _a Botánicos
650 _aMedioambientales
700 _aIng. Washington Estrada A.
942 _2ddc
_c1
999 _c14231